Fiestas y danzas, en el Cuzco y los Andes (Record no. 10110)

MARC details
000 -CABECERA
campo de control de longitud fija 00917nam a2200277 a 4500
001 - NÚMERO DE CONTROL
campo de control BRL_1298
005 - FECHA Y HORA DE LA ÚLTIMA TRANSACCIÓN
campo de control 20190320211131.0
008 - DATOS DE LONGITUD FIJA--INFORMACIÓN GENERAL
campo de control de longitud fija 020114t1945----ag-o######---#000-0#spa-#
041 ## - CÓDIGO DE LENGUA
Código de lengua del texto/banda sonora o título independiente spa
044 ## - CÓDIGO DEL PAÍS DE LA ENTIDAD EDITORA/PRODUCTORA
Código MARC del país ag
050 #4 - SIGNATURA TOPOGRÁFICA DE LA BIBLIOTECA DEL CONGRESO
Número de clasificación F2230.1.S7
Número de documento/Ítem .V47 1945
100 1# - ENTRADA PRINCIPAL--NOMBRE DE PERSONA
Nombre de persona Verger, Pierre
9 (RLIN) 23079
245 10 - MENCIÓN DE TÍTULO
Título Fiestas y danzas, en el Cuzco y los Andes
Mención de responsabilidad, etc. Pierre Verger ; prólogo de Luis E. Valcárcel.
260 ## - PUBLICACIÓN, DISTRIBUCIÓN, ETC.
Lugar de publicación, distribución, etc. Buenos Aires
Nombre del editor, distribuidor, etc. Sudamericana
Fecha de publicación, distribución, etc. 1945
300 ## - DESCRIPCIÓN FÍSICA
Extensión 199 p.
Otras características físicas il., 148 láminas
Dimensiones 26 cm.
500 ## - NOTA GENERAL
Nota general Estado físico: camisa rota
500 ## - NOTA GENERAL
Nota general Au1539
500 ## - NOTA GENERAL
Nota general Texto en: español, inglés y francés
500 ## - NOTA GENERAL
Nota general Arte documental
650 14 - PUNTO DE ACCESO ADICIONAL DE MATERIA--TÉRMINO DE MATERIA
Término de materia o nombre geográfico como elemento de entrada Indígenas de América del Sur
Subdivisión general Vida social y costumbres
9 (RLIN) 26424
650 14 - PUNTO DE ACCESO ADICIONAL DE MATERIA--TÉRMINO DE MATERIA
Término de materia o nombre geográfico como elemento de entrada Festivales
Subdivisión geográfica América Latina
9 (RLIN) 26425
650 14 - PUNTO DE ACCESO ADICIONAL DE MATERIA--TÉRMINO DE MATERIA
Término de materia o nombre geográfico como elemento de entrada Danzas indígenas
Subdivisión geográfica América del Sur
9 (RLIN) 26426
700 1# - PUNTO DE ACCESO ADICIONAL--NOMBRE DE PERSONA
Nombre de persona Valcárcel, Luis E.
Término indicativo de función/relación pról.
9 (RLIN) 26427
902 ## - CATALOGADOR
Iniciales GRL
942 ## - ELEMENTOS DE PUNTO DE ACCESO ADICIONAL (KOHA)
Fuente del sistema de clasificación o colocación Library of Congress Classification
Tipo de ítem Koha Libros
Holdings
Estado de retiro Estado de pérdida Estado dañado No para préstamo Localización permanente Ubicación/localización actual Fecha de adquisición Número de inventario Total de préstamos Signatura topográfica completa Código de barras Fecha visto por última vez Precio válido a partir de Tipo de ítem Koha
El ejemplar forma parte de la colección y puede ser consultado según las políticas vigentes.       Biblioteca Centro de Estudios Ruth D. Lechuga Biblioteca Centro de Estudios Ruth D. Lechuga 02/01/2014 Au1539   F2230.1.S7 .V47 1945 (Au1539) GRL01459 22/03/2019 22/03/2019 Libros